| 000 | 00416nmm a22001577a 4500 | ||
|---|---|---|---|
| 005 | 20220620090138.0 | ||
| 008 | 150728b xxu||||| |||| 00| 0 spa d | ||
| 041 | _aspa | ||
| 082 | _aMD 226 | ||
| 100 |
_aMonge Quesada, Genesis _94387 |
||
| 245 | _aInforme de Práctica Supervisada realizado en Esthetic Dent | ||
| 260 | _c2015 | ||
| 650 |
_aCOSTA RICA _963837 |
||
| 650 |
_aORTODONCIA REMOVIBLE _94388 |
||
| 942 | _cIP | ||
| 999 |
_c6943 _d6943 |
||